01661nam a2200337 i 4500001001000000003000900010005001700019007000300036008004100039040003000080082001900110100004500129245006800174264005700242300002700299336002700326337003300353338002700386490005300413500006300466590002700529650006000556651005500616942001300671952010600684952010600790952017300896952010601069952013101175999001701306000024844DO-SdBNP20250703143952.0ta110207s1984 dr 000 0 spa d aDO-SdBNPbspacBNPHUerda 4axxxbC951p222 aCross Beras, Julio A.eautor4aut.9690413aEl pensamiento político de Ulises Heureaux /cJulio A. Cross. 1aSanto Domingo :bMuseo del Hombre Dominicano,c1984. a19 páginas ;c24 cm. atextobtxt2rdacontent asin mediaciónbn2rdamedia avolumenbn2rdacarrier aCiclo de Conferencias Pensamiento Dominicano;v5 aIncluye datos biográficos del autor en la contracubierta aInventariado 2023 / MF 4951682aPresidenteszRepública DominicanavBiografía 4931465aRepública DominicanaxHistoriay1882-1889 2ddccLF2 00102ddc56708DSaBNPHUbBNPHUcCTd2011-02-07oC951pp24844-30r2020-06-25te. 3w2020-06-25yLF2 00102ddc56708DSaBNPHUbBNPHUcCTd2011-08-22oC951pp24844-40r2020-06-25te. 4w2020-06-25yLF2 00102ddc51708PDaBNPHUbBNPHUcHDd2011-02-07ePerteneció a la biblioteca personal de Aída Cartagena Portalatín.oC951pp24844-10r2020-06-25w2020-06-25yLF2 00102ddc51708PDaBNPHUbBNPHUcCTd2011-02-07oC951pp24844-20r2020-06-25te. 2w2020-06-25yLF2 00102ddc56708DSaBNPHUbBNPHUcCTd2022-05-19eDonado por Ubi Rivasl0oC951pp2023-1011r2023-02-20te.5w2023-02-20yLF2 c24337d24337